01051nam a22002177a 45000010005000000030006000050050017000110080041000280200018000690400029000870820008001161000019001242450038001432600038001813000047002195050007002665200509002735210021007825210018008036500012008219055FISKH20251128091923.0251118b cb ||||| |||| 00| 0 eng d a9780545430821 aFISKHbengcFISKHdFISKH a535 aScott, Janine  aBouncing light /cby Janine Scott aNew York : bScholastic, c2011.  a28 pages : bcolor illustrations ; c22 cm aP  aBouncing Light explains how light travels and what happens when it hits different objects. The book shows how light can be reflected, bent, or absorbed, and uses clear examples that children can understand — like mirrors, shiny surfaces, water, and everyday objects. It also teaches readers why we see things, how shadows form, and how light behaves in the natural world. With bright photos and simple explanations, the book helps students explore the basic science of light in a fun and hands-on way.8 a610 bLexile IG 8 aP bRaz-Plus  aScience